000 01113cam a2200325 i 4500
001 43967
003 Mx-PuUPA
005 20240520114649.0
008 140415s2001 mx 000 0 spa d
020 _a9786078866199
_qgedisa
020 _a9786078840595
_quacm
040 _cMx-PuUPA
_aMx-PuUPA
_bspa
_dMx-PuUPA
_erda
041 0 _aspa
100 1 _aSandoval, Édgar,
_915679
_eautor
245 1 0 _aPragmatismo, filosofía y educación :
_bel declive de la experiencia /
_cEdgar Sandoval
250 _aPrimera edición /
_bnoviembre
264 1 _aCiudad de México :
_bUniversidad Autónoma de la Ciudad de México : Editorial Gedisa,
_c2022
300 _a177 páginas ;
_c23 cm
336 _2rdacontent
_atexto
_btxt
337 _2rdamedia
_asin medio
_bn
338 _2rdacarrier
_avolumen
_bnc
490 0 _aPalabras autónomas
650 7 _2armarc
_aPragmatismo
650 7 _2armarc
_aFilosofía
650 7 _2armarc
_aExperiencia (Filosofía)
650 7 _2armarc
_aEducación
_xFilosofía
942 _2ddc
_cLI
_h144.3
_iS228
999 _c43967
_d43967